| 000 | 00619nam a2200229 4500 | ||
|---|---|---|---|
| 003 | OSt | ||
| 005 | 20240610053305.0 | ||
| 006 | a | ||
| 008 | 240610b |||||||| |||| 00| 0 eng d | ||
| 020 | _a9781843346425 | ||
| 040 |
_aDWCL-Main lib. _cOC |
||
| 082 | _aCirc. 027 L612l 2012 | ||
| 100 | _aLidman, Tomas | ||
| 245 | _aLibraries and archives : a comparative study / | ||
| 260 |
_aU.K. : _bChandos Pub., _cc2012. |
||
| 300 |
_axvi, _b123 p. : ill. ; _c24 cm. |
||
| 504 | _aIncludes bibliography. | ||
| 650 | _a1. Libraries. | ||
| 650 | _a2. Archives. | ||
| 700 | _aTomas Lidman | ||
| 942 |
_2ddc _n0 _cBK-CIRC _kCirc. |
||
| 999 |
_c457 _d457 |
||